Online Catalogue and eLibrary

Rudali : (Record no. 3320)

MARC details
000 -LEADER
fixed length control field 00429nam a2200157Ia 4500
005 - DATE AND TIME OF LATEST TRANSACTION
control field 20241030050140.0
008 - FIXED-LENGTH DATA ELEMENTS--GENERAL INFORMATION
fixed length control field 240331s9999 xx 000 0 und d
020 ## - INTERNATIONAL STANDARD BOOK NUMBER
ISBN 8170461383
082 ## - DDC Classification
Item Number - Author Mark DEV
Class No. 823
100 ## - MAIN ENTRY--PERSONAL NAME
Personal name Devi , M
245 #0 - TITLE STATEMENT
Title Rudali :
Remainder of title from fiction to performance
260 ## - PUBLICATION, DISTRIBUTION, ETC.
Place of publication, distribution, etc. Calcutta
Name of publisher, distributor, etc. Seagull Books
Date of publication, distribution, etc. 1997
300 ## - PHYSICAL DESCRIPTION
Extent (e.g. Volumes, Pages etc.) 154 p .,
500 ## - GENERAL NOTE
General note 'Rudali is a power short story written by Mahasweta Devi
942 ## - Koha item type (Biblio)
Koha item type Books in Stacks (Lending)
Holdings
Lost status Damaged status Collection code Home library Current library Shelving location Date acquired Full call number Accession Number Item type
    Lending WERC Library WERC Library Social Science Cupboard 03/31/2024 823 DEV 2580 Books in Stacks (Lending)

© WERC Library